| 000 | 00853nas a2200313 4500 | ||
|---|---|---|---|
| 001 | BR9705222 | ||
| 003 | BR-BrBNA | ||
| 005 | 20231205100620.0 | ||
| 007 | ta | ||
| 008 | 230509b bl.|||p| |||| 00| 00por d | ||
| 040 |
_aBR-BrBNA _bpor _cBiblioteca Nacional de Agricultura |
||
| 041 | _a(Pt) | ||
| 072 | _aF04 | ||
| 100 | 1 | _aDaniel, O. | |
| 100 | 1 | _aVitorino, A.C.T. | |
| 100 | 1 | _aAlovisi, A.A. | |
| 100 | 1 | _aMazzochin, L. | |
| 100 | 1 | _aTokura, A.M. | |
| 100 | 1 | _aPinheiro, E.R. | |
| 100 | 1 | _aSouza, E.F. de | |
| 245 | 1 | _aAplicacao de fosforo em mudas de Acacia mangium Willd | |
| 650 | _aAcacia | ||
| 650 | _aMuda | ||
| 650 | _aFosforo | ||
| 650 | _aLatossolo Roxo | ||
| 773 | 0 |
_tRevista Arvore (Brazil) _xISSN 0100-6762 _g(1997), v. 21(2) p. 163-168 _wBR9705222 |
|
| 909 |
_a202311 _bLúcia _c55 _dLúcia Elande |
||
| 942 |
_2AGRIS _n0 _cANA |
||
| 999 |
_c157024 _d157024 |
||